| 000 | 00631cam a2200205u 4500 | ||
|---|---|---|---|
| 001 | 82909 | ||
| 003 | BD-RjUL | ||
| 005 | 20240201150901.0 | ||
| 008 | 240201s1910 ii 000 0 eng | ||
| 035 | _a(BD-RjUL)82909 | ||
| 040 |
_aNNL _dUPRA _beng _cBD-RjUL |
||
| 041 | _aeng \ per | ||
| 082 |
_223 _a491.553 _bLUG 1810 |
||
| 100 | 1 |
_aLumsden, M _911360 |
|
| 245 | 1 | 2 |
_aA grammar of the Persian language, comprising a portion of the elements of Arabic inflection .../ _cby M. Lumsden. |
| 260 |
_aOxford : _bClarendon Press, _c1911. |
||
| 300 |
_a2 volumes ; _c32 cm |
||
| 650 | 4 |
_aPersian language _xGrammar _9983 |
|
| 942 |
_2ddc _cBK |
||
| 999 |
_c82909 _d82909 |
||